[Event "SC-2011-0-00109"]
[Site "LSS email"]
[Date "2011.07.19"]
[Round "?"]
[White "Parry, Andrew"]
[Black "Mroczek, Jacek"]
[Result "0-1"]
[WhiteElo "1646"]
[BlackElo "1919"]
[PlyCount "66"]
[EventDate "2011.06.26"]
[EventType "tourn (corr)"]
[EventRounds "6"]
[EventCountry "GER"]
[SourceTitle "Telechess CBM 149"]
[Source "ChessBase"]
[SourceDate "2012.07.17"]
[SourceVersion "1"]
[SourceVersionDate "2012.07.17"]
[SourceQuality "1"]

1. e4 e5 2. Nf3 Nc6 3. Bb5 a6 4. Bxc6 dxc6 5. 0-0 f6 6. d4 Bg4 7. c3 Bd6 8. Be3 Qe7 9. Nbd2 0-0-0 10. Qc2 exd4 11. cxd4 Re8 12. e5 fxe5 13. dxe5 Bxe5 14. Rae1 Bf6 15. Bf4 Qd7 16. Rxe8+ Qxe8 17. Re1 Qh5 18. Ne5 Ne7 19. h3 Be6 20. Qc5 b6 21. Qa3 a5 22. Qd3 Kb7 23. g4 Qe8 24. Ne4 h5 25. Nc4 Bxc4 26. Qxc4 hxg4 27. Nxf6 gxf6 28. hxg4 Rh7 29. f3 Qd7 30. Bg3 Nd5 31. a3 f5 32. Be5 Rh4 33. Bg3 Rh8 0-1

[Event "SC-2011-0-00109"]
[Site "LSS email"]
[Date "2011.07.19"]
[Round "?"]
[White "Vodicka, Milan"]
[Black "Parry, Andrew"]
[Result "1-0"]
[WhiteElo "1811"]
[BlackElo "1646"]
[PlyCount "45"]
[EventDate "2011.06.26"]
[EventType "tourn (corr)"]
[EventRounds "6"]
[EventCountry "GER"]
[SourceTitle "Telechess CBM 149"]
[Source "ChessBase"]
[SourceDate "2012.07.17"]
[SourceVersion "1"]
[SourceVersionDate "2012.07.17"]
[SourceQuality "1"]

1. d4 d5 2. c4 c6 3. Nf3 Nf6 4. Nc3 dxc4 5. a4 Bf5 6. e3 e6 7. Bxc4 Bb4 8. 0-0 0-0 9. Qe2 Nbd7 10. e4 Bg6 11. Bd3 Bh5 12. e5 Nd5 13. Nxd5 cxd5 14. Qe3 Rc8 15. Ng5 h6 16. Nh7 Re8 17. Qg3 g6 18. Qh3 Be7 19. Bxh6 Qb6 20. Be3 a6 21. g4 Bxg4 22. Qxg4 Kxh7 23. Qh5+ 1-0

[Event "SC-2011-0-00093"]
[Site "LSS email"]
[Date "2011.03.16"]
[Round "?"]
[White "Egorov, Vladimir Alekseevic"]
[Black "Parry, Andrew"]
[Result "1-0"]
[WhiteElo "1967"]
[BlackElo "1655"]
[PlyCount "51"]
[EventDate "2011.02.18"]
[EventType "tourn (corr)"]
[EventRounds "6"]
[EventCountry "GER"]
[SourceTitle "Telechess CBM 149"]
[Source "ChessBase"]
[SourceDate "2012.07.17"]
[SourceVersion "1"]
[SourceVersionDate "2012.07.17"]
[SourceQuality "1"]

1. d4 d5 2. c4 c6 3. Nf3 Nf6 4. Nc3 dxc4 5. a4 Bf5 6. Ne5 Nbd7 7. Nxc4 Nb6 8. Ne5 a5 9. f3 Nfd7 10. e4 Nxe5 11. exf5 Nec4 12. Qb3 Nd6 13. g4 g6 14. Bf4 gxf5 15. 0-0-0 e6 16. Kb1 fxg4 17. fxg4 Be7 18. Be5 Rg8 19. Be2 Nd7 20. Rhf1 Qb6 21. Qc2 h6 22. Bxd6 Bxd6 23. Rxf7 0-0-0 24. Bc4 Rgf8 25. Rh7 Kb8 26. Rxh6 1-0

[Event "SC-2011-0-00093"]
[Site "LSS email"]
[Date "2011.03.16"]
[Round "?"]
[White "Parry, Andrew"]
[Black "Herzog, Klaus"]
[Result "1/2-1/2"]
[WhiteElo "1655"]
[BlackElo "1791"]
[PlyCount "32"]
[EventDate "2011.02.18"]
[EventType "tourn (corr)"]
[EventRounds "6"]
[EventCountry "GER"]
[SourceTitle "Corr 2015"]
[Source "ChessBase"]
[SourceDate "2015.07.17"]
[SourceVersion "1"]
[SourceVersionDate "2015.07.17"]
[SourceQuality "1"]

1. e4 c6 2. d4 d5 3. exd5 cxd5 4. c4 Nf6 5. Nc3 e6 6. Nf3 Bb4 7. cxd5 Nxd5 8. Bd2 Nc6 9. Bd3 0-0 10. 0-0 Be7 11. a3 Bf6 12. Be3 g6 13. Rc1 Nxc3 14. bxc3 e5 15. Be4 exd4 16. cxd4 a5 1/2-1/2

[Event "SC-2011-0-00088"]
[Site "LSS email"]
[Date "2011.02.08"]
[Round "?"]
[White "Korinek, Jaroslav"]
[Black "Parry, Andrew"]
[Result "1-0"]
[WhiteElo "1745"]
[BlackElo "1611"]
[PlyCount "65"]
[EventDate "2011.01.15"]
[EventType "tourn (corr)"]
[EventRounds "6"]
[EventCountry "GER"]
[SourceTitle "Telechess CBM 147"]
[Source "ChessBase"]
[SourceDate "2012.03.16"]
[SourceVersion "1"]
[SourceVersionDate "2012.03.16"]
[SourceQuality "1"]

1. e4 d5 2. exd5 Nf6 3. d4 Nxd5 4. Nf3 g6 5. c4 Nb6 6. Nc3 Bg7 7. c5 Nd5 8. Bc4 Nxc3 9. bxc3 0-0 10. 0-0 Nc6 11. Re1 Bf5 12. Bf4 b6 13. Ba6 Na5 14. Qe2 Re8 15. Rac1 c6 16. Rcd1 Qd5 17. h3 Bc8 18. Bxc8 Raxc8 19. Qa6 Nc4 20. Rxe7 Bf6 21. Rxa7 bxc5 22. Rb1 Nd6 23. Bxd6 Qxd6 24. Qc4 Qd5 25. Qxd5 cxd5 26. Rbb7 cxd4 27. cxd4 Re2 28. Rxf7 Rxa2 29. Rad7 Ra6 30. Rxh7 Rc4 31. Ne5 Rxd4 32. Nxg6 Rd1+ 33. Kh2 1-0

[Event "SC-2011-0-00088"]
[Site "LSS email"]
[Date "2011.02.08"]
[Round "?"]
[White "Parry, Andrew"]
[Black "Lavis, Jon"]
[Result "1/2-1/2"]
[WhiteElo "1611"]
[BlackElo "1754"]
[PlyCount "92"]
[EventDate "2011.01.15"]
[EventType "tourn (corr)"]
[EventRounds "6"]
[EventCountry "GER"]
[SourceTitle "Telechess CBM 147"]
[Source "ChessBase"]
[SourceDate "2012.03.16"]
[SourceVersion "1"]
[SourceVersionDate "2012.03.16"]
[SourceQuality "1"]

1. e4 e5 2. Nf3 Nf6 3. d4 Nxe4 4. Bd3 d5 5. Nxe5 Nd7 6. Nxd7 Bxd7 7. 0-0 Bd6 8. c4 c6 9. Nd2 Nxd2 10. Bxd2 0-0 11. cxd5 cxd5 12. Qh5 f5 13. Qf3 Bc6 14. Bf4 Qb8 15. Bxd6 Qxd6 16. Rfe1 g6 17. a3 Rfe8 18. h4 Rac8 19. Rac1 a6 20. h5 Kg7 21. g3 Bd7 22. Kg2 Rxc1 23. Rxc1 Re7 24. Rh1 Be8 25. hxg6 hxg6 26. Bb1 Bd7 27. Qc3 Re8 28. Qd2 Rh8 29. Rxh8 Kxh8 30. Qh6+ Kg8 31. Bd3 Qf6 32. Qf4 Kf7 33. Qc7 Qc6 34. Qd8 Qe6 35. f4 Ba4 36. Qc7+ Qe7 37. Qa5 Bb5 38. Bxb5 Qe4+ 39. Kh2 axb5 40. Qc7+ Kf6 41. Qb6+ Kg7 42. Qxb7+ Kh6 43. Qxb5 Qf3 44. b4 Qf2+ 45. Kh1 Qf3+ 46. Kh2 Qf2+ 1/2-1/2

[Event "OP-2011-0-01398"]
[Site "LSS email"]
[Date "2011.02.08"]
[Round "?"]
[White "Parry, Andrew"]
[Black "Sas, Istvan"]
[Result "1-0"]
[WhiteElo "1646"]
[BlackElo "755"]
[PlyCount "37"]
[EventDate "2011.02.03"]
[EventType "tourn (corr)"]
[EventRounds "4"]
[EventCountry "GER"]
[SourceTitle "Telechess CBM 151"]
[Source "ChessBase"]
[SourceDate "2012.11.13"]
[SourceVersion "1"]
[SourceVersionDate "2012.11.13"]
[SourceQuality "1"]

1. e4 e5 2. Nf3 d6 3. d4 Bg4 4. dxe5 h6 5. h3 Bxf3 6. Qxf3 dxe5 7. Bc4 Nf6 8. Qb3 Bd6 9. Bxf7+ Kf8 10. Bg6 Qd7 11. Qxb7 Qc6 12. Qc8+ Ne8 13. Qf5+ Nf6 14. Nc3 Qd7 15. Qf3 Nc6 16. 0-0 Ke7 17. Nd5+ Kd8 18. Rd1 Rf8 19. Bf5 1-0

[Event "SC-2011-0-00088"]
[Site "LSS email"]
[Date "2011.02.08"]
[Round "?"]
[White "Tausnev, Bladimir"]
[Black "Parry, Andrew"]
[Result "1-0"]
[WhiteElo "1871"]
[BlackElo "1739"]
[PlyCount "61"]
[EventDate "2011.01.15"]
[EventType "tourn (corr)"]
[EventRounds "6"]
[EventCountry "GER"]
[SourceTitle "Corr 2022"]
[Source "ChessBase"]
[SourceDate "2021.10.24"]
[SourceVersion "1"]
[SourceVersionDate "2021.10.24"]
[SourceQuality "1"]

1. d4 d5 2. Nf3 Nf6 3. c4 c6 4. Nc3 dxc4 5. a4 Bf5 6. Ne5 Nbd7 7. Nxc4 Nb6 8. Ne5 a5 9. g3 e6 10. Bg2 Bb4 11. 0-0 0-0 12. e3 Nfd7 13. e4 Nxe5 14. exf5 Nec4 15. fxe6 fxe6 16. Na2 Be7 17. Bh3 Qd7 18. Re1 Rf6 19. Qg4 Kh8 20. b3 Nd6 21. Rxe6 Rxe6 22. Qxe6 Qxe6 23. Bxe6 Bf6 24. Bb2 Re8 25. Re1 Nd5 26. Kf1 g6 27. Bxd5 Rxe1+ 28. Kxe1 cxd5 29. Bc3 b6 30. Ke2 Kg7 31. Kd3 1-0

[Event "LSS SC-2010-0-00070"]
[Site "LSS email"]
[Date "2010.08.17"]
[Round "?"]
[White "Parry, Andrew"]
[Black "Morcin, Tom"]
[Result "0-1"]
[WhiteElo "1669"]
[BlackElo "1837"]
[PlyCount "98"]
[EventDate "2010.08.02"]
[EventType "tourn (corr)"]
[EventRounds "6"]
[EventCountry "GER"]
[SourceTitle "Telechess CBM 143"]
[Source "ChessBase"]
[SourceDate "2011.07.15"]
[SourceVersion "1"]
[SourceVersionDate "2011.07.15"]
[SourceQuality "1"]

1. e4 e5 2. Nf3 Nc6 3. Bb5 a6 4. Bxc6 dxc6 5. 0-0 f6 6. d4 Bg4 7. c3 Bd6 8. Be3 Qe7 9. Nbd2 0-0-0 10. Qc2 exd4 11. cxd4 Re8 12. e5 fxe5 13. dxe5 Bxe5 14. Rfe1 Bf6 15. Rad1 Qb4 16. h3 Bd7 17. Nb3 Ne7 18. Bd4 Bf5 19. Qe2 Kb8 20. Bxf6 gxf6 21. Rd4 Qb6 22. Nh4 c5 23. Rf4 Nd5 24. Qxe8+ Rxe8 25. Rxe8+ Bc8 26. Rfe4 Qb5 27. Nf3 a5 28. Rd8 Nb6 29. Rd2 a4 30. Nc1 Nc4 31. Rd8 Nd6 32. Re2 c4 33. Rd2 Qf5 34. Ne2 Qb1+ 35. Kh2 Qxa2 36. Nc3 Qa1 37. Nd5 c3 38. bxc3 a3 39. Ne7 a2 40. Nxc8 Nxc8 41. Re2 Qb1 42. Ree8 a1Q 43. Rxc8+ Ka7 44. Ra8+ Kb6 45. Rxa1 Qxa1 46. c4 c6 47. Re7 h6 48. Re4 Ka5 49. Re7 Ka6 0-1

[Event "LSS SC-2010-0-00070"]
[Site "LSS email"]
[Date "2010.08.17"]
[Round "?"]
[White "Tsuprik, Aleksandr"]
[Black "Parry, Andrew"]
[Result "0-1"]
[WhiteElo "1294"]
[BlackElo "1646"]
[PlyCount "22"]
[EventDate "2010.08.02"]
[EventType "tourn (corr)"]
[EventRounds "6"]
[EventCountry "GER"]
[SourceTitle "Corr 2015"]
[Source "ChessBase"]
[SourceDate "2015.07.17"]
[SourceVersion "1"]
[SourceVersionDate "2015.07.17"]
[SourceQuality "1"]

1. e4 d5 2. exd5 Nf6 3. d4 Nxd5 4. c4 Nb6 5. Nc3 e5 6. dxe5 Qxd1+ 7. Kxd1 Nc6 8. Bf4 Be6 9. Nf3 0-0-0+ 10. Ke1 Nxc4 11. b3 Bb4 0-1

[Event "OP-2010-0-01224"]
[Site "LSS email"]
[Date "2010.08.04"]
[Round "?"]
[White "Parry, Andrew"]
[Black "Vontina, Maria"]
[Result "1-0"]
[WhiteElo "1658"]
[BlackElo "684"]
[PlyCount "51"]
[EventDate "2010.07.29"]
[EventType "tourn (corr)"]
[EventRounds "4"]
[EventCountry "GER"]
[SourceTitle "Telechess CBM 143"]
[Source "ChessBase"]
[SourceDate "2011.07.15"]
[SourceVersion "1"]
[SourceVersionDate "2011.07.15"]
[SourceQuality "1"]

1. e4 e6 2. d4 d5 3. e5 c5 4. c3 Nc6 5. Nf3 Qb6 6. a3 Nge7 7. b4 cxd4 8. cxd4 Ng6 9. Nc3 Be7 10. Be3 0-0 11. h4 f5 12. h5 Nh8 13. h6 g6 14. Be2 a6 15. Na4 Qd8 16. Rc1 Bd7 17. Nc5 Bc8 18. Qd2 Bd7 19. Nxb7 Qc7 20. Nc5 Bc8 21. 0-0 Qd8 22. Nxe6 Bxe6 23. Rxc6 Bc8 24. Rfc1 Nf7 25. Bd3 Qd7 26. e6 1-0

[Event "LSS SC-2010-0-00056"]
[Site "LSS email"]
[Date "2010.04.13"]
[Round "?"]
[White "Raluy Lopez, Marcos"]
[Black "Parry, Andrew"]
[Result "0-1"]
[WhiteElo "1579"]
[BlackElo "1655"]
[PlyCount "36"]
[EventDate "2010.02.12"]
[EventType "tourn (corr)"]
[EventRounds "6"]
[EventCountry "GER"]
[SourceTitle "Telechess CBM 141"]
[Source "ChessBase"]
[SourceDate "2011.03.17"]
[SourceVersion "1"]
[SourceVersionDate "2011.03.17"]
[SourceQuality "1"]

1. d4 d5 2. c4 c6 3. Nc3 Nf6 4. Nf3 dxc4 5. a4 Bf5 6. e3 e6 7. Bxc4 Bb4 8. 0-0 0-0 9. Qe2 Nbd7 10. e4 Bg6 11. Bd3 c5 12. e5 cxd4 13. exf6 dxc3 14. fxg7 Kxg7 15. Rd1 Qc7 16. bxc3 Bxc3 17. Bb2 Bxb2 18. Qxb2+ Kg8 0-1

[Event "LSS SC-2009-0-00052"]
[Site "LSS email"]
[Date "2010.02.12"]
[Round "?"]
[White "Onem, Cem"]
[Black "Parry, Andrew"]
[Result "1-0"]
[WhiteElo "1696"]
[BlackElo "1645"]
[PlyCount "71"]
[EventDate "2009.12.10"]
[EventType "tourn (corr)"]
[EventRounds "6"]
[EventCountry "GER"]
[SourceTitle "Telechess CBM 141"]
[Source "ChessBase"]
[SourceDate "2011.03.17"]
[SourceVersion "1"]
[SourceVersionDate "2011.03.17"]
[SourceQuality "1"]

1. e4 d5 2. exd5 Nf6 3. d4 Nxd5 4. c4 Nf6 5. Nf3 g6 6. Nc3 Bg7 7. Be2 0-0 8. 0-0 Bf5 9. Bf4 c6 10. h3 Na6 11. Qd2 Rc8 12. Rfe1 b5 13. cxb5 cxb5 14. Bxb5 Nb4 15. Rac1 Qb6 16. Bf1 Qb7 17. a3 Nbd5 18. Be5 Nb6 19. Bg3 Rfd8 20. Ne5 Nfd7 21. Qe3 Nf6 22. b4 Nh5 23. Bh2 Nf6 24. b5 Nbd5 25. Qf3 Rxc3 26. Rxc3 Be4 27. Rxe4 Nxc3 28. Re3 Qxf3 29. Rxf3 Nfe4 30. Nc6 Rd7 31. Bf4 e6 32. Re3 Rxd4 33. Nxd4 Bxd4 34. Rf3 Nxf2 35. Be3 Bxe3 36. Rxe3 1-0

[Event "LSS SC-2009-0-00052"]
[Site "LSS email"]
[Date "2010.02.12"]
[Round "?"]
[White "Van Boven, Maarten"]
[Black "Parry, Andrew"]
[Result "1-0"]
[WhiteElo "1836"]
[BlackElo "1653"]
[PlyCount "69"]
[EventDate "2009.12.10"]
[EventType "tourn (corr)"]
[EventRounds "6"]
[EventCountry "GER"]
[SourceTitle "Telechess CBM 141"]
[Source "ChessBase"]
[SourceDate "2011.03.17"]
[SourceVersion "1"]
[SourceVersionDate "2011.03.17"]
[SourceQuality "1"]

1. d4 d5 2. c4 c6 3. Nf3 Nf6 4. Nc3 dxc4 5. a4 Bf5 6. Ne5 Nbd7 7. Nxc4 Nb6 8. Ne5 Nbd7 9. Qb3 Nxe5 10. dxe5 Nd7 11. e4 Be6 12. Qxb7 g6 13. Qxc6 Bg7 14. f4 Rb8 15. a5 Rc8 16. Qa6 0-0 17. Be3 Rc7 18. Bxa7 Bh6 19. g3 Nc5 20. Bxc5 Rxc5 21. Be2 Qd4 22. Qb6 Qe3 23. Rd1 Rfc8 24. Rf1 Bg4 25. Rd8+ Rxd8 26. Qxd8+ Kg7 27. Qd2 Qxd2+ 28. Kxd2 Bxe2 29. Kxe2 Rxa5 30. b4 Ra3 31. Kd3 g5 32. b5 Ra8 33. Nd5 e6 34. Nf6 gxf4 35. gxf4 1-0

[Event "LSS RC-2009-0-00035"]
[Site "LSS email"]
[Date "2010.01.17"]
[Round "?"]
[White "Parry, Andrew"]
[Black "Albesa, Alfredo Ricardo"]
[Result "1/2-1/2"]
[WhiteElo "1678"]
[BlackElo "1709"]
[PlyCount "88"]
[EventDate "2009.10.07"]
[EventType "tourn (corr)"]
[EventRounds "6"]
[EventCountry "GER"]
[SourceTitle "Corr 2013"]
[Source "ChessBase"]
[SourceDate "2012.11.12"]
[SourceVersion "1"]
[SourceVersionDate "2012.11.12"]
[SourceQuality "1"]

1. e4 c6 2. d4 d5 3. e5 Bf5 4. Nf3 e6 5. Be2 c5 6. 0-0 Nc6 7. c3 cxd4 8. cxd4 Nge7 9. Nc3 Bg4 10. Be3 Nf5 11. h3 Bxf3 12. Bxf3 Be7 13. Bg4 Nxe3 14. fxe3 0-0 15. Qd2 Qb6 16. Rac1 Bg5 17. Qf2 Nxe5 18. Be2 Nc6 19. Bd3 Nb4 20. Bb1 f5 21. Qg3 Be7 22. Na4 Qa6 23. Nc5 Bxc5 24. Rxc5 Nc6 25. Rfc1 Rac8 26. a3 h6 27. Qf4 Rfe8 28. R5c3 Qb6 29. b4 a5 30. bxa5 Qxa5 31. g4 g5 32. Qg3 fxg4 33. Qxg4 Qc7 34. h4 Qg7 35. hxg5 Qxg5 36. Qxg5+ hxg5 37. Kg2 Kg7 38. Bd3 e5 39. a4 exd4 40. exd4 Re3 41. Rb1 Rc7 42. Rb5 Rd7 43. Bf5 Rxc3 44. Bxd7 Rc2+ 1/2-1/2

[Event "LSS OP-2009-0-00985"]
[Site "LSS email"]
[Date "2009.11.02"]
[Round "?"]
[White "Dittmer, Lutz Michael"]
[Black "Parry, Andrew"]
[Result "0-1"]
[WhiteElo "800"]
[BlackElo "1661"]
[PlyCount "36"]
[EventDate "2009.10.28"]
[EventType "tourn (corr)"]
[EventRounds "4"]
[EventCountry "GER"]
[SourceTitle "Telechess CBM 137"]
[Source "ChessBase"]
[SourceDate "2010.07.15"]
[SourceVersion "1"]
[SourceVersionDate "2010.07.15"]
[SourceQuality "1"]

1. e4 d5 2. Nc3 d4 3. Nf3 dxc3 4. bxc3 Nc6 5. Bd3 g6 6. 0-0 Bg7 7. Bb2 Nf6 8. Qe2 0-0 9. Rae1 Ng4 10. Bb5 Nce5 11. d4 Nxf3+ 12. gxf3 Nf6 13. Bc4 Bh3 14. Ba3 Bxf1 15. Rxf1 c6 16. Rb1 b5 17. Bb3 a5 18. c4 a4 0-1

[Event "LSS OP-2009-0-00985"]
[Site "LSS email"]
[Date "2009.11.02"]
[Round "?"]
[White "Tausnev, Bladimir"]
[Black "Parry, Andrew"]
[Result "1-0"]
[WhiteElo "800"]
[BlackElo "1662"]
[PlyCount "55"]
[EventDate "2009.10.28"]
[EventType "tourn (corr)"]
[EventRounds "4"]
[EventCountry "GER"]
[SourceTitle "Corr 2022"]
[Source "ChessBase"]
[SourceDate "2021.10.24"]
[SourceVersion "1"]
[SourceVersionDate "2021.10.24"]
[SourceQuality "1"]

1. e4 d5 2. exd5 Nf6 3. Nf3 Nxd5 4. d4 g6 5. c4 Nf6 6. Nc3 Bg7 7. Be2 0-0 8. 0-0 Bf5 9. Bf4 c6 10. Qd2 Nbd7 11. h3 Ne4 12. Nxe4 Bxe4 13. Ng5 Nf6 14. Rad1 Bf5 15. g4 Bd7 16. Rfe1 Qb6 17. Bf1 Rfe8 18. Re3 a5 19. Rde1 h6 20. Nf3 g5 21. Bg3 Be6 22. Rxe6 fxe6 23. Rxe6 Qb4 24. Qc2 a4 25. Ne5 a3 26. b3 Rf8 27. Qg6 Rae8 28. Bd3 1-0

[Event "LSS No Engine Cup Gr04 prel 01 email"]
[Site "LSS email"]
[Date "2009.08.04"]
[Round "?"]
[White "Marez, Sebastien"]
[Black "Parry, Andrew"]
[Result "1-0"]
[WhiteElo "2478"]
[BlackElo "1659"]
[PlyCount "61"]
[EventDate "2009.08.05"]
[EventType "tourn (corr)"]
[EventRounds "6"]
[EventCountry "GER"]
[SourceTitle "Telechess CBM 137"]
[Source "ChessBase"]
[SourceDate "2010.07.15"]
[SourceVersion "1"]
[SourceVersionDate "2010.07.15"]
[SourceQuality "1"]

1. e4 d5 2. exd5 Nf6 3. d4 Nxd5 4. c4 Nb6 5. Nf3 g6 6. Nc3 Bg7 7. c5 Nd5 8. Bc4 c6 9. 0-0 0-0 10. Re1 Bg4 11. Bg5 Nf6 12. h3 Bxf3 13. Qxf3 Qxd4 14. Rxe7 Nbd7 15. Bb3 Qxc5 16. Bxf6 Nxf6 17. Rxb7 Rad8 18. Rd1 Rxd1+ 19. Qxd1 Ne8 20. Qd2 Nd6 21. Na4 Qd4 22. Qxd4 Bxd4 23. Rd7 Nb5 24. Bc4 Bf6 25. Nc5 Bxb2 26. a4 Na3 27. Ba2 a5 28. Ne4 h6 29. Nd6 h5 30. Nxf7 c5 31. Bd5 1-0

[Event "LSS No Engine Cup 04 Preliminary 1"]
[Site "LSS email"]
[Date "2009.08.04"]
[Round "?"]
[White "Parry, Andrew"]
[Black "Andreani, Armando"]
[Result "1-0"]
[WhiteElo "1656"]
[BlackElo "1008"]
[PlyCount "133"]
[EventDate "2009.08.05"]
[EventType "tourn (corr)"]
[EventRounds "6"]
[EventCountry "GER"]
[SourceTitle "Corr 2013"]
[Source "ChessBase"]
[SourceDate "2012.11.12"]
[SourceVersion "1"]
[SourceVersionDate "2012.11.12"]
[SourceQuality "1"]

1. e4 e5 2. Nf3 Nc6 3. Bb5 Nf6 4. 0-0 Bc5 5. c3 a6 6. Ba4 b5 7. Bc2 0-0 8. d4 Qe7 9. dxc5 Qxc5 10. Be3 Qe7 11. h3 d6 12. Nbd2 Be6 13. a4 b4 14. Ng5 Bd7 15. Nc4 h6 16. Nf3 Rab8 17. Qd2 Nd8 18. cxb4 Nc6 19. b5 axb5 20. axb5 Rxb5 21. Qe2 Rb7 22. Bd2 Qe6 23. Rfe1 Re8 24. b3 Reb8 25. Qe3 Nh5 26. Qc3 Nf6 27. Na5 Nxa5 28. Rxa5 c5 29. Ra3 Ne8 30. Qd3 Nc7 31. Rea1 Bb5 32. Qe3 Bc6 33. Qe2 Qd7 34. Qd3 Ne6 35. Ra5 Qe7 36. R1a2 Bb5 37. Qe3 Nf4 38. Bc3 Ne2+ 39. Kh1 Nd4 40. Bd1 Bc6 41. Ra6 f5 42. Nd2 fxe4 43. Nxe4 Qe6 44. f3 Rb6 45. Kh2 Bd5 46. Rxb6 Rxb6 47. Nd2 Nxb3 48. Nxb3 Bxb3 49. Rb2 Rb7 50. f4 Bd5 51. fxe5 Rxb2 52. Bxb2 Bc6 53. Bg4 Qg6 54. exd6 Qxd6+ 55. Kg1 Qg6 56. Qxc5 Qb1+ 57. Bc1 Qe4 58. Qf2 Qg6 59. Bf5 Qd6 60. Bc2 Be8 61. Bb2 h5 62. Qa7 Qf8 63. Qc7 h4 64. Qe5 Bf7 65. Qf5 g6 66. Qe5 Qh6 67. Bb3 1-0

[Event "LSS RC-2009-0-00027"]
[Site "LSS email"]
[Date "2009.05.22"]
[Round "?"]
[White "Mujica, Hector"]
[Black "Parry, Andrew"]
[Result "1-0"]
[WhiteElo "1804"]
[BlackElo "1618"]
[PlyCount "81"]
[EventDate "2009.03.30"]
[EventType "tourn (corr)"]
[EventRounds "6"]
[EventCountry "GER"]
[SourceTitle "Corr 2011"]
[Source "ChessBase"]
[SourceDate "2010.08.31"]
[SourceVersion "1"]
[SourceVersionDate "2010.08.31"]
[SourceQuality "1"]

1. d4 d5 2. c4 c6 3. Nf3 Nf6 4. Nc3 Bf5 5. cxd5 cxd5 6. Qb3 Qb6 7. Nxd5 Nxd5 8. Qxd5 e6 9. Qc4 Nc6 10. a3 Be7 11. e3 0-0 12. Qb5 Na5 13. Qxb6 axb6 14. Nd2 Nc6 15. f3 Nb4 16. Kf2 Nd3+ 17. Kg3 h5 18. Bxd3 h4+ 19. Kf2 Bxd3 20. Ne4 f5 21. Nc3 g5 22. Bd2 Rfc8 23. Rac1 Kg7 24. e4 Kg6 25. exf5+ exf5 26. Nd5 Bd6 27. Rxc8 Rxc8 28. Re1 Kf7 29. Kg1 Rc2 30. Bc3 f4 31. h3 Bc4 32. Nxb6 Be6 33. Na4 b5 34. Nc5 Bc4 35. Rd1 Bd5 36. Rd2 Rc1+ 37. Kh2 Re1 38. Bb4 Re8 39. Rc2 Re7 40. Na6 Bxb4 41. Nxb4 1-0

[Event "LSS RC-2009-0-00027"]
[Site "LSS email"]
[Date "2009.05.22"]
[Round "?"]
[White "Niewold, Jaap"]
[Black "Parry, Andrew"]
[Result "0-1"]
[WhiteElo "1713"]
[BlackElo "1616"]
[PlyCount "52"]
[EventDate "2009.03.30"]
[EventType "tourn (corr)"]
[EventRounds "6"]
[EventCountry "GER"]
[SourceTitle "Corr 2011"]
[Source "ChessBase"]
[SourceDate "2010.08.31"]
[SourceVersion "1"]
[SourceVersionDate "2010.08.31"]
[SourceQuality "1"]

1. e4 c5 2. Nf3 d6 3. d4 cxd4 4. Nxd4 Nf6 5. Nc3 g6 6. Be3 Bg7 7. f3 0-0 8. Qd2 Nc6 9. Bc4 Bd7 10. 0-0-0 Rc8 11. Bb3 Ne5 12. Bg5 Nc4 13. Bxc4 Rxc4 14. e5 dxe5 15. Nb3 Rc7 16. Nb5 Rc8 17. Nxa7 Ra8 18. Bxf6 Bxf6 19. Qxd7 Qb6 20. Nb5 Rfd8 21. Qc7 Rxd1+ 22. Rxd1 Qxb5 23. c4 Qa4 24. Qxb7 e4 25. Qxe4 Qxa2 26. Rd7 Qxb2+ 0-1

[Event "LSS RC-2009-0-00027"]
[Site "LSS email"]
[Date "2009.05.22"]
[Round "?"]
[White "Parry, Andrew"]
[Black "De Paus, Pieter"]
[Result "1-0"]
[WhiteElo "1616"]
[BlackElo "1750"]
[PlyCount "83"]
[EventDate "2009.03.30"]
[EventType "tourn (corr)"]
[EventRounds "6"]
[EventCountry "GER"]
[SourceTitle "Corr 2011"]
[Source "ChessBase"]
[SourceDate "2010.08.31"]
[SourceVersion "1"]
[SourceVersionDate "2010.08.31"]
[SourceQuality "1"]

1. e4 c5 2. Nf3 d6 3. d4 cxd4 4. Nxd4 Nf6 5. Nc3 a6 6. Bg5 e6 7. f4 Be7 8. Qf3 Qc7 9. 0-0-0 Nbd7 10. g4 b5 11. Bxf6 Nxf6 12. g5 Nd7 13. f5 Nc5 14. f6 gxf6 15. gxf6 Bf8 16. Rg1 h5 17. Rg7 b4 18. Nd5 exd5 19. exd5 Nd7 20. Nc6 Bb7 21. Bh3 Bxc6 22. dxc6 Ne5 23. Bd7+ Kd8 24. Qe4 Qb6 25. Be6 Kc7 26. Bxf7 Ra7 27. Bd5+ Kb8 28. Rg3 Rc7 29. Kb1 Bh6 30. a3 Rf8 31. f7 Nxf7 32. Rd4 a5 33. axb4 a4 34. b5 Ng5 35. Qd3 a3 36. Ra4 a2+ 37. Kxa2 Ra7 38. Rxa7 Qxa7+ 39. Kb3 Qc5 40. Re3 Bg7 41. Re7 Bd4 42. c7+ 1-0

[Event "LSS OP-2009-0-00849"]
[Site "LSS email"]
[Date "2009.05.20"]
[Round "?"]
[White "Parry, Andrew"]
[Black "Kasapov, Artur"]
[Result "0-1"]
[WhiteElo "1616"]
[BlackElo "800"]
[PlyCount "70"]
[EventDate "2009.05.12"]
[EventType "tourn (corr)"]
[EventRounds "4"]
[EventCountry "GER"]
[SourceTitle "Corr 2011"]
[Source "ChessBase"]
[SourceDate "2010.08.31"]
[SourceVersion "1"]
[SourceVersionDate "2010.08.31"]
[SourceQuality "1"]

1. e4 c6 2. d4 d5 3. e5 c5 4. dxc5 e6 5. Be3 Ne7 6. Nf3 Nf5 7. Bg5 Qc7 8. Bd3 Bxc5 9. 0-0 h6 10. Bd2 Nd4 11. Na3 a6 12. c4 Nbc6 13. cxd5 exd5 14. Rc1 Bxa3 15. bxa3 Bg4 16. Bb4 Bxf3 17. gxf3 Qd7 18. Bc5 Rc8 19. Re1 Ne6 20. Bd6 Ne7 21. Qb3 Rxc1 22. Rxc1 0-0 23. Bf1 Rd8 24. Bh3 Ng6 25. Rc7 Qe8 26. Rxb7 Ng5 27. f4 Nxf4 28. Bf1 Qe6 29. f3 Qg6 30. Kh1 Ngh3 31. Bxh3 Nxh3 32. Qe3 Rc8 33. Rc7 Rxc7 34. Bxc7 d4 35. Qxd4 Qc2 0-1